[Event "Tata Steel-A 80th"]
[Site "Wijk aan Zee"]
[Date "2018.01.19"]
[Round "6"]
[White "Hou, Yifan"]
[Black "Karjakin, Sergey"]
[Result "1/2-1/2"]
[WhiteElo "2680"]
[BlackElo "2753"]
[PlyCount "63"]
[EventDate "2018.01.13"]
[EventType "tourn"]
[EventRounds "13"]
[EventCountry "NED"]
[EventCategory "20"]
[SourceTitle "CBM 183"]
[Source "ChessBase"]
[SourceDate "2018.03.14"]
[SourceVersion "1"]
[SourceVersionDate "2018.03.14"]
[SourceQuality "1"]
[TimeControl "40/6000+30:20/3000+30:900+30"]

1. e4 {[%emt 0:00:00]} c6 {[%emt 0:00:05]} 2. d4 {[%emt 0:00:00]} d5 {[%emt 0:
00:05]} 3. Nc3 {[%emt 0:00:00]} dxe4 {[%emt 0:00:07]} 4. Nxe4 {[%emt 0:00:03]}
Bf5 {[%emt 0:00:05]} 5. Ng3 {[%emt 0:00:05]} Bg6 {[%emt 0:00:04]} 6. h4 {
[%emt 0:00:05]} h6 {[%emt 0:00:07]} 7. Nf3 {[%emt 0:00:04]} e6 {[%emt 0:00:18]}
8. Ne5 {[%emt 0:00:19]} Bh7 {[%emt 0:00:06]} 9. Bd3 {[%emt 0:00:06]} Bxd3 {
[%emt 0:00:07]} 10. Qxd3 {[%emt 0:00:04]} Nd7 {[%emt 0:00:07]} 11. f4 {[%emt 0:
01:28]} Be7 {[%emt 0:00:43]} 12. Bd2 {[%emt 0:07:26]} Nxe5 {[%emt 0:00:27]} 13.
fxe5 {[%emt 0:00:06]} Bxh4 {[%emt 0:00:03]} 14. O-O-O {[%emt 0:00:40]} Bxg3 {
[%emt 0:00:06]} 15. Qxg3 {[%emt 0:00:05]} Ne7 {[%emt 0:00:06]} 16. Qxg7 {
[%emt 0:19:08]} Rg8 {[%emt 0:00:15]} 17. Qf6 {[%emt 0:00:04]} Nf5 {[%emt 0:12:
44]} 18. Bxh6 {[%emt 0:02:50]} Qxf6 {[%emt 0:18:23]} 19. exf6 {[%emt 0:00:05]}
Rd8 {[%emt 0:06:24]} 20. Bf4 {[%emt 0:12:45]} Nxd4 {[%emt 0:14:14]} 21. Rd2 {
[%emt 0:20:02]} c5 {[%emt 0:03:57]} 22. c3 {[%emt 0:03:10]} Nc6 {[%emt 0:00:47]
} 23. Bd6 {[%emt 0:02:40]} b6 {[%emt 0:01:20]} 24. b4 {[%emt 0:04:04]} cxb4 {
[%emt 0:05:01]} 25. cxb4 {[%emt 0:00:33]} a5 {[%emt 0:00:04]} 26. b5 {[%emt 0:
16:40]} Na7 {[%emt 0:00:07]} 27. a4 {[%emt 0:01:21]} Nc8 {[%emt 0:00:05]} 28.
Rhd1 {[%emt 0:06:16]} Rg4 {[%emt 0:00:36]} 29. Bb8 {[%emt 0:00:08]} Rxd2 {
[%emt 0:10:51]} 30. Rxd2 {[%emt 0:00:05]} Rxa4 {[%emt 0:00:23]} 31. Rc2 {
[%emt 0:00:07]} Kd8 {[%emt 0:00:05]} 32. Rd2+ {[%emt 0:05:10]} 1/2-1/2

[Event "Tata Steel-A 80th"]
[Site "Wijk aan Zee"]
[Date "2018.01.19"]
[Round "6"]
[White "Kramnik, Vladimir"]
[Black "Jones, Gawain C B"]
[Result "1/2-1/2"]
[WhiteElo "2787"]
[BlackElo "2640"]
[Annotator "Yermolinsky,A"]
[PlyCount "82"]
[EventDate "2018.01.13"]
[EventType "tourn"]
[EventRounds "13"]
[EventCountry "NED"]
[EventCategory "20"]
[SourceTitle "CBM 183"]
[Source "ChessBase"]
[SourceDate "2018.03.14"]
[SourceVersion "1"]
[SourceVersionDate "2018.03.14"]
[SourceQuality "1"]
[TimeControl "40/6000+30:20/3000+30:900+30"]

1. d4 {[%emt 0:00:00]} Nf6 {[%emt 0:00:29]} 2. Nf3 {[%emt 0:00:01]} g6 {
[%emt 0:00:12]} 3. g3 {[%emt 0:00:05]} Bg7 {[%emt 0:00:06]} 4. Bg2 {[%emt 0:00:
03]} O-O {[%emt 0:00:08]} 5. O-O {[%emt 0:00:05]} d6 {[%emt 0:00:08]} 6. Re1 {
[%emt 0:00:07]} c6 $6 {[%emt 0:09:34]} ({I think} 6... c5 {represents Black's
best option here.}) 7. e4 {[%emt 0:03:48]} Qc7 {[%emt 0:00:07]} ({Probably} 
7... Bg4 {has to be played, but parting with the bishop is a concession,
particularly here where, unlike in the KID, the white c-pawn can give
protection to the d4-pawn.}) 8. e5 {[%emt 0:06:58] A novelty, but the reason
it had not been played before is because good players never had a crack at
this position.} dxe5 {[%emt 0:04:50]} 9. dxe5 {[%emt 0:00:05]} Nd5 {[%emt 0:00:
53]} 10. Qe2 $14 {[%emt 0:01:45] Sometimes White goes from an early e4-e5 in
various variations of the Pirc, but here with the fianchettoed light-squared
bishop he has the perfect version of it.} b5 {[%emt 0:05:17]} (10... Bg4 11. c4
Nb6 12. Bf4 Qc8 13. Nc3 c5) 11. Nbd2 {[%emt 0:11:34]} a5 {[%emt 0:13:23]} 12.
c4 {[%emt 0:09:09]} Nb4 {[%emt 0:09:29]} 13. Nd4 {[%emt 0:03:08]} Rd8 $1 {
[%emt 0:02:15] I have to give credit to Gawain Jones for his spirited defence.}
14. a3 {[%emt 0:01:13]} Rxd4 {[%emt 0:03:37]} 15. axb4 {[%emt 0:00:08]} bxc4 {
[%emt 0:05:53]} 16. Nxc4 {[%emt 0:05:38]} Bg4 $1 {[%emt 0:07:12] Black's
counterplay isn't so easy to contain.} 17. Qf1 $5 {[%emt 0:11:47] Watch
Kramnik's solution to the problem.} (17. Qc2 Bf5 18. Be4 Be6 19. Nxa5 Rxb4 20.
Bd2 Rd4 {is a bit confusing.}) ({And the same goes for} 17. f3 Be6 18. b3 a4
19. f4 axb3 $1 20. Rxa8 Rxc4) 17... Bf5 {[%emt 0:03:11]} 18. Be3 $1 {[%emt 0:
02:23] There's nothing Vladimir values more in chess than an opportunity to
take away the opponent's counterplay, even at the cost of a small material
concession. We have seen many of his games with exchange sacrifices, and now
Kramnik is happy to part with his queen.} Bd3 {[%emt 0:00:47]} 19. Bxd4 {
[%emt 0:00:15]} Bxf1 {[%emt 0:00:06]} 20. Bxf1 {[%emt 0:00:58]} c5 {[%emt 0:10:
30]} 21. Bxc5 {[%emt 0:04:51]} Nd7 {[%emt 0:03:53]} 22. Bd4 {[%emt 0:01:00]} a4
{[%emt 0:00:46]} 23. b5 {[%emt 0:04:53]} Rb8 {[%emt 0:01:51]} 24. Rec1 {
[%emt 0:10:25]} h5 $16 {[%emt 0:06:57]} 25. b6 $6 {[%emt 0:09:07] Perhaps that
pawn spoke too soon.} ({Further preparation, beginning with} 25. Bg2 {was in
order.}) 25... Qc6 {[%emt 0:05:05]} 26. Na5 {[%emt 0:04:41]} (26. Bg2 Qb5)
26... Qe6 {[%emt 0:03:36]} 27. Bc4 {[%emt 0:05:58]} Qg4 {[%emt 0:00:34]} 28.
Nc6 {[%emt 0:01:45]} Rxb6 {[%emt 0:02:15] Jones was happy to get rid of that
pawn no matter the cost.} 29. Bxb6 {[%emt 0:04:37]} Nxb6 {[%emt 0:00:03]} 30.
Nxe7+ {[%emt 0:00:43]} Kf8 {[%emt 0:00:02]} 31. Nd5 {[%emt 0:03:30]} Bxe5 $5 {
[%emt 0:02:35] Now Gawain shows his ambitions.} (31... Nxd5 32. Bxd5 Bxe5 33.
Rc4 Qe2 34. Rcxa4 Bxb2 {would be enough for a draw.}) 32. Nxb6 {[%emt 0:03:03]}
Bxb2 {[%emt 0:00:03]} 33. h3 $6 {[%emt 0:01:43] Being short of time Kramnik
decides to eliminate the a-pawn.} (33. Rab1 Bxc1 34. Rxc1 a3 35. Nd5 Qd4 36.
Ne3 {would be safe for him anyway, but I'm not sure White would have been able
to generate winning chances from there.}) 33... Qxh3 {[%emt 0:04:40]} 34. Bf1 {
[%emt 0:00:20]} Qe6 {[%emt 0:00:13]} 35. Nxa4 {[%emt 0:00:59]} Bxa1 {[%emt 0:
00:39]} 36. Rxa1 {[%emt 0:00:01]} h4 {[%emt 0:00:26]} 37. Nc5 {[%emt 0:01:06]}
Qd5 {[%emt 0:01:05]} 38. Rc1 {[%emt 0:00:34]} hxg3 {[%emt 0:00:17]} 39. Nd3 {
[%emt 0:00:26]} gxf2+ {[%emt 0:05:15]} 40. Kxf2 {[%emt 0:00:00]} Qd4+ {[%emt 0:
00:22]} 41. Ke2 {[%emt 0:08:45]} Qg4+ {[%emt 0:04:00]} 1/2-1/2

[Event "Tata Steel-A 80th"]
[Site "Wijk aan Zee"]
[Date "2018.01.19"]
[Round "6"]
[White "Svidler, Peter"]
[Black "Carlsen, Magnus"]
[Result "1/2-1/2"]
[WhiteElo "2768"]
[BlackElo "2834"]
[Annotator "Yermolinsky,A"]
[PlyCount "61"]
[EventDate "2018.01.13"]
[EventType "tourn"]
[EventRounds "13"]
[EventCountry "NED"]
[EventCategory "20"]
[SourceTitle "CBM 183"]
[Source "ChessBase"]
[SourceDate "2018.03.14"]
[SourceVersion "1"]
[SourceVersionDate "2018.03.14"]
[SourceQuality "1"]

1. c4 {[%emt 0:00:00]} e6 {[%emt 0:00:58]} 2. Nc3 {[%emt 0:00:06]} Bb4 $5 {
[%emt 0:00:08] Back in the day we used to call it a Poor Man's Nimzo, but, in
fact, it is a fully playable line.} 3. Qb3 {[%emt 0:01:20]} c5 {[%emt 0:00:20]}
({The more solid} 3... Ba5 {was seen in Giri-Kramnik earlier in this
tournament.}) 4. Nb5 $5 {[%emt 0:07:54] This extravagant move has been known
for some time. I'm sure Carlsen counted on it in his preparation.} Nc6 {
[%emt 0:07:15]} 5. Nd6+ {[%emt 0:00:58]} Kf8 {[%emt 0:02:27]} (5... Ke7 $5 6.
Qg3 Kf8 {is an interesting nuance. The white queen may find itself not
supported by other pieces, and therefore, out of place on the kingside.}) 6.
Nf3 $6 {[%emt 0:01:10] It is funny to even question this natural developing
move, but the thing is, that knight is going to be driven back!} ({Instead,
let's take a look at one possible alternative:} 6. g3 Qe7 7. Nxc8 Rxc8 8. Bg2
Nf6 9. Nf3 e5 10. O-O e4 $6 ({A more reasonable move is} 10... g6 11. d3 Kg7
$14) 11. Ne1 Nd4 12. Qd1 {It may seem from a casual glance that Black has made
some progress, but his position has a rotten foundation. The absence of a
light-squared bishop, a stray bishop on b4, uncastled king and disconnected
rooks do not inspire confidence in his success in the long run. One thing left
to do is to play} h5 {and hope for the best.}) 6... Qe7 {[%emt 0:01:30]} 7.
Nxc8 {[%emt 0:01:26]} Rxc8 {[%emt 0:00:02]} 8. e3 {[%emt 0:12:28]} e5 $5 {
[%emt 0:02:03] Carlsen is absolutely right: Black must act fast and disrupt
White's smooth development.} ({In that respect} 8... g5 $5 {also comes into
consideration.}) 9. Qc2 {[%emt 0:01:00]} e4 {[%emt 0:09:34]} 10. Ng1 {[%emt 0:
00:22]} Nf6 {[%emt 0:02:12]} 11. Ne2 {[%emt 0:03:05]} Ba5 {[%emt 0:02:12]} 12.
a3 {[%emt 0:05:21]} h5 $1 {[%emt 0:13:39] A remarkable move. It serves as a
deterrent against White's idea of fianchettoing his light-squared bishop, and
prepares a possibility of development for the h8-rook.} (12... d5 13. cxd5 Nxd5
14. Ng3) 13. b3 {[%emt 0:09:03]} (13. g3 $2 h4) 13... Rd8 {[%emt 0:03:20]
Magnus prepares to open the d-file to pressurise d2.} ({He could have done so
right away,} 13... d5 14. cxd5 Nxd5 15. Ng3 (15. Bb2 Ncb4 16. axb4 Nxb4 17. Qb1
Nd3+ 18. Kd1 Nxf2+ 19. Ke1 Nd3+ 20. Kd1 {would give Black a choice between a
draw by repetition, and a more ambitious try} Bb4 $5) 15... Nf6 16. h4 {
and play} Rd8 {then. Either way, Black is getting some play, and possibly,
more!}) 14. Bb2 {[%emt 0:10:30]} d5 {[%emt 0:12:59]} 15. cxd5 {[%emt 0:00:22]}
Rxd5 {[%emt 0:02:49]} 16. O-O-O $1 {[%emt 0:05:09] Excellent play by Svidler.
With the black rook off the c-file he is safe against all ...Nb4 tricks.} Ng4
$1 {[%emt 0:01:25] Once again Carlsen shows his deep understanding of dynamic
factors.} ({A slow approach, such as} 16... h4 17. Nf4 Rd8 {would allow White
to switch to positional tracks with} 18. Bb5 $5 Bc7 19. Bxc6 bxc6 20. d3 $14)
17. Ng3 $5 {[%emt 0:23:27] Peter Svidler is no stranger to tactical battles.
He knows the value of being the one in the driver's seat.} ({He rejected} 17.
Nf4 Rf5 18. Nh3 {most likely on account of} c4 $1 ({Not} 18... Nxf2 19. Nxf2
Rxf2 20. Bc4 f6 21. Bd5 $14) 19. b4 (19. Bxc4 b5 {look out for that rook
coming to c5!}) 19... Bxb4 20. axb4 Nxb4 21. Qa4 b5 {with a big intiative for
Black.}) 17... Nxf2 {[%emt 0:00:47]} 18. Bc4 {[%emt 0:01:33]} Nxd1 {[%emt 0:10:
24]} 19. Rxd1 {[%emt 0:00:17]} Rg5 $1 {[%emt 0:09:43] The white knight had to
be kept off f5.} 20. Rf1 {[%emt 0:00:35] This looks very difficult to defend,
but no worries, it's Magnus at the controls.} Nd8 $1 {[%emt 0:00:09]} (20... f6
$2 21. Nxe4 Rxg2 22. Nxf6 $1 $18) 21. Nf5 {[%emt 0:07:57]} ({With no target
present on f6} 21. Nxe4 {is pointless:} Rxg2 $15) 21... Qd7 {[%emt 0:00:09]}
22. Qxe4 {[%emt 0:00:08]} Rg4 {[%emt 0:02:30] Carlsen's move forces White's
hand.} (22... b5 23. Bd5 h4 24. Qf3 {is very much unclear.}) 23. Bxg7+ {
[%emt 0:06:21] After some consideration Svidler decided to wrap up this
exciting game.} ({I can't blame him for taking a draw, as} 23. Qc2 Rxg2 24.
Bxg7+ Rxg7 25. Nxg7 {would have led to an ending,} Qxd2+ ({no need to allow} 
25... Kxg7 $6 26. b4 $1) 26. Qxd2 Bxd2+ 27. Kxd2 Kxg7 28. Ke2 b6 29. Rd1 Nc6
30. Rd7 Ne5 31. Rxa7 Rh6 {where chances are about even.}) 23... Rxg7 {[%emt 0:
04:05]} 24. Nxg7 {[%emt 0:00:09]} Qxd2+ {[%emt 0:01:03] All is forced now.} 25.
Kb1 {[%emt 0:00:05]} Bc3 {[%emt 0:00:37]} 26. Rxf7+ {[%emt 0:00:31]} Nxf7 {
[%emt 0:00:03]} 27. Qe8+ {[%emt 0:01:37]} Kxg7 {[%emt 0:00:02]} 28. Qxf7+ {
[%emt 0:00:04]} Kh6 {[%emt 0:00:12]} 29. Qf4+ {[%emt 0:00:06]} Kg6 {[%emt 0:00:
14]} 30. Qf7+ {[%emt 0:00:04]} Kh6 {[%emt 0:00:07]} 31. Qf4+ {[%emt 0:00:04]
With draws like this, who needs decisive games?} 1/2-1/2

[Event "Tata Steel-A 80th"]
[Site "Wijk aan Zee"]
[Date "2018.01.19"]
[Round "6"]
[White "Wei, Yi"]
[Black "So, Wesley"]
[Result "0-1"]
[WhiteElo "2743"]
[BlackElo "2792"]
[Annotator "Marin,M"]
[PlyCount "82"]
[EventDate "2018.01.13"]
[EventType "tourn"]
[EventRounds "13"]
[EventCountry "NED"]
[EventCategory "20"]
[SourceTitle "CBM 183"]
[Source "ChessBase"]
[SourceDate "2018.03.14"]
[SourceVersion "1"]
[SourceVersionDate "2018.03.14"]
[SourceQuality "1"]

1. Nf3 d5 2. e3 Nf6 3. c4 e6 4. Nc3 dxc4 5. Bxc4 a6 6. b3 $5 {An extremely
rare way of avoiding the Queen's Gambit Accepted.} c5 ({In the only other game
played at grandmaster level Black played more carelessly:} 6... Be7 7. Bb2 O-O
8. Be2 c5 9. Rg1 {White does more or less the same as in our main game.} b5 10.
g4 b4 $6 {an unnecessary weakening.} 11. Na4 Bb7 12. g5 Nd5 13. Qc2 Nd7 {
Khismatullin,D (2628)-Grachev,B (2645) Sochi 2017 (0-1, 99)} 14. h4 {[%cal
Gh4h5]} N5b6 15. Nxb6 Qxb6 16. Nh2 $16) 7. Bb2 Nc6 8. Qc2 Be7 9. a3 b6 {
A hyper cautious move.} ({But Black could have played the natural} 9... b5 10.
Be2 Bb7 {for instance:} 11. a4 Nb4 (11... b4 12. Nb1 O-O 13. d3 Nd5 14. Nbd2
Nc3 15. Rc1 Rc8 16. Bxc3 bxc3 17. Qxc3 Nb4 18. Rd1 Bf6 19. Qc4 {offers Black
active play, but probably not entirely adequate compensation for the pawn. The
fact is that White is quite solid on the light squares.}) 12. Qb1 bxa4 13. Rxa4
O-O {with satisfactory play.}) 10. g4 {Trying to speed up the attack.} (10. Rg1
{may simply transpose.}) 10... h6 {Again a solid approach.} (10... Nxg4 {
deserves mentioning.} 11. Rg1 (11. Qe4 Nf6 12. Qxc6+ Bd7 13. Qb7 Rb8 14. Qxa6
Ra8 $11 {with perpetual harassing of the queen.}) 11... f5 12. h3 Nce5 13. Nxe5
Nxe5 14. Rxg7 Bf6 15. Rg3 b5 16. Be2 Bb7 17. O-O-O {Black is active and has
more space, but his king is a bit unsafe. Whit's play may be just easier in
the least of the cases.}) 11. Rg1 b5 ({Basically losing a tempo. Black might
have feared leaving the bishop on c4 due to} 11... Bb7 12. g5 hxg5 13. Nxg5 Rh6
14. Bxe6 $5 fxe6 15. Nxe6 {but things are not entirely clear as the king can
run away from the dangerous area:} Qd7 16. Nxg7+ Kd8) 12. Be2 Bb7 13. g5 hxg5
14. Nxg5 Rh6 (14... Rxh2 {is too risky:} 15. Nxf7 $1 Kxf7 16. Qg6+ Kf8 17. Ne4
Ne8 18. Bxg7+ Nxg7 19. Rc1 $5 $16 {The g7-knight is not running anywhere so
White opens a new front along the c-file. The c5-pawn is in danger.} Nd4 $5 20.
Qxg7+ Ke8 21. Qg6+ Kd7 22. exd4 {[%cal Ge2g4,Ge4c5]} Qg8 (22... Qf8 23. Qg3 $1
$18) 23. Qxg8 Rxg8 24. Rxg8 Rh1+ 25. Bf1 Bxe4 26. f3 Bxf3 27. Kf2 Be4 28. dxc5
{and White should win.}) 15. Nce4 (15. Bf3 Rc8) 15... Nxe4 {This slightly
helps White developing the initiative.} (15... Na5 $5 {[%cal Gb7d5,Ga8c8]} 16.
d3 {[%cal Gb7d5,Ge4d2]} (16. b4 cxb4 17. axb4 Nc6 18. Nxf6+ gxf6 19. Ne4 Kf8 {
leaves White's pawns hanging while the black king is relatively safe.}) 16...
Rc8 {with certain counterplay.}) 16. Nxe4 g6 $6 {Too passive.} (16... Qd5 $5
17. Bxg7 Rxh2 18. Nf6+ Bxf6 19. Bxf6 Rc8 {With his king facing problems
allowing the rook connection (one ould not think of castling long) White
cannot make use of his bishop pair at its best.}) 17. Nxc5 Bxc5 18. Qxc5 Rxh2
19. a4 $36 {Instead of counterplay, Black only has queenside problems now.} Qh4
$2 {A desperate counterattack, which mainly weakens his own king's defence.} (
19... Rc8 $5 20. Bg7 Qe7 (20... Ne7 21. Qe5 $16) 21. Qxe7+ Kxe7 {[%cal Gf7f6]}
22. Bb2 (22. axb5 axb5 23. Bf3 {[%csl Gh1]} f6 24. Rxg6 Kf7 25. Rh6 Rxh6 26.
Bxh6 Rh8 27. Rc1 Rxh6 28. Bxc6 Bxc6 29. Rxc6 Rh1+ 30. Ke2 Rb1 31. Rc3 b4 $11)
22... b4 23. Rc1 {with some vague hopes for an encgame advantage due to his
bishops. The problem is that Black is active and the b3-pawn causes some
worries.}) 20. Rf1 Rc8 21. Qb6 {At this point White's initiative should be
decisive.} Nd8 22. axb5 Bg2 23. Ra4 Qh3 24. Ba3 {White starts missing simple
wins.} (24. bxa6 Bxf1 25. Bxf1 Rh1 26. Qb5+ Nc6 27. a7 $18) 24... Rh1 25. bxa6
Qh8 (25... Bxf1 26. Qb5+ Nc6 27. Bxf1 $18) 26. Rd4 $2 {Throwing away the win
by just one stroke.} (26. d4 $18) (26. Qb5+ Nc6 27. d4 $18) 26... Bxf1 27. Qb5+
$2 {White could have still forced a draw in at least two ways.} (27. Rxd8+ Rxd8
28. Qc6+ Rd7 29. Qc8+ Rd8 $11) (27. Bxf1 Nc6 28. a7 Nxd4 29. exd4 Rxf1+ 30.
Kxf1 Qh1+ 31. Ke2 Qe4+ 32. Kd1 Qd3 33. Bc5 Qb1+ {and this time it is Black who
has the perpetual.}) 27... Nc6 28. Bxf1 Rxf1+ $1 {The start of a simple
combination winning material.} 29. Kxf1 Qh1+ 30. Ke2 Qh5+ 31. Qxh5 Nxd4+ $1 32.
exd4 gxh5 {The position is not easy to assess but White's connected pawns are
not dangerous so Black can hope stopping them and winning one of them, with
reasonable winnin chances.} 33. b4 (33. a7 Kd7 34. Bc5 Kc6 35. Kf1 Rg8 $1 $19 {
followed by the advance of the h-pawn.}) 33... Rb8 34. Kf3 Kd7 35. Kg3 Kc6 ({
It would have been better to activate the rook with} 35... Rb6 $1 36. b5 Rxb5
37. Bc5 Kc6 38. a7 Kb7 {with similar play as in the final phase of the game.})
36. b5+ $2 ({Black in vain forces Black into activating his rook. The best
defence was} 36. a7 Ra8 37. b5+ Kxb5 38. Bc5 Rh8 39. Kh4 Kc6 40. Be7 Kb7 41.
Bc5 Rh6 42. Kg5 Rh7 43. Kh4 Rh8 {White will soon land in zugzwang so he should
change the defensive system before advancing his pawns from the second rank.}
44. d5 exd5 45. f4 ({Probably the only saving setup. If} 45. Bd4 Re8 46. Kxh5
Re4 47. Bc5 Rc4 48. Bb6 d4 49. Kg5 Ra4 {or}) (45. Be3 Rd8 46. Kxh5 d4 47. Bg5
Rd6 48. Kg4 Kxa7 {Black should win.}) 45... Rc8 46. Be3 Rc4 47. Kxh5 d4 48. Bf2
d3 49. Kg4 Re4 50. Kf3 Re2 51. Be3 {[%cal Gf3e4] This defensive system seems
reliable enough.} f5 52. Bd4 Rxd2 53. Ke3 Rd1 54. Bc5 Ka8 55. Bd4 {with a draw
since} Rf1 56. Kxd3 Rxf4 {does not offer Black any constructive idea.}) 36...
Rxb5 37. Bc5 Rb2 38. a7 Kb7 39. d5 {Too late.} exd5 40. Be3 Rb4 {[%cal Gd5d4]}
41. d4 (41. Bc5 Rb3+ 42. f3 Rd3 43. Be3 d4 $19) 41... Rb1 {White cannot win
the h-pawn but will lose his a-pawn so he resigned.} 0-1